| 000 | 00584nam a2200229 a 4500 | ||
|---|---|---|---|
| 999 |
_c5943 _d5943 |
||
| 001 | 5943 | ||
| 003 | BD-JhCC | ||
| 005 | 20171231102405.0 | ||
| 008 | 171231s19351960e |||| || | 001 0 eng d | ||
| 035 | _a(BD-JhCC)5943 | ||
| 040 |
_aBD-JhCC _dBD-JhCC |
||
| 041 | _aeng | ||
| 082 |
_a519.57 _bFIS 1960 |
||
| 100 | _aFisher, Ronald, A. | ||
| 245 |
_aThe Design of Experiments / _cRonald, A. Fisher, |
||
| 260 |
_aLondon : _bOliver and Boyd, _c1960. |
||
| 300 |
_a248 p. : _c24 cm. |
||
| 650 | _aBiometry | ||
| 650 | _aMathematical Statistics | ||
| 942 |
_2ddc _cBK |
||